[Event "Regionalliga Sued-West 1718"]
[Site "Bayern"]
[Date "2018.04.15"]
[Round "9.1"]
[White "Motl, Martin"]
[Black "Krug, Norbert"]
[Result "1/2-1/2"]
[WhiteElo "2191"]
[BlackElo "2216"]
[PlyCount "81"]
[EventDate "2017.10.22"]
[EventType "team-tourn"]
[EventRounds "9"]
[EventCountry "GER"]
[SourceTitle "EXT 2022"]
[Source "ChessBase"]
[SourceDate "2021.10.06"]
[SourceVersion "1"]
[SourceVersionDate "2021.10.06"]
[SourceQuality "1"]
[WhiteTeam "Zugzwang MSA II"]
[BlackTeam "Mering"]
[WhiteTeamCountry "GER"]
[BlackTeamCountry "GER"]

1. Nf3 Nf6 2. c4 d6 3. d4 Nbd7 4. Nc3 e5 5. Bg5 Be7 6. e3 h6 7. Bh4 c6 8. Qc2 Nh5 9. Bxe7 Qxe7 10. Be2 Nhf6 11. 0-0-0 a6 12. dxe5 dxe5 13. Rhg1 Nc5 14. Nd2 a5 15. g4 e4 16. f4 Nd3+ 17. Bxd3 exd3 18. Qxd3 Bxg4 19. Rde1 Rd8 20. Qc2 g6 21. e4 Qd7 22. f5 Kf8 23. fxg6 fxg6 24. Ref1 Ke7 25. e5 Nh5 26. e6 Qxd2+ 27. Qxd2 Rxd2 28. Kxd2 Bf5 29. Ke3 Kxe6 30. Ne2 Re8 31. Nd4+ Kf6+ 32. Kd2 Re4 33. Nxf5 gxf5 34. b3 a4 35. Rg8 axb3 36. axb3 f4 37. h4 Kf5 38. Rf2 Re6 39. Rf3 Nf6 40. Rg7 b6 41. Kd3 1/2-1/2

[Event "Regionalliga Sued-West 1718"]
[Site "Bayern"]
[Date "2018.02.04"]
[Round "6.1"]
[White "Mueller, Philipp1111"]
[Black "Krug, Norbert"]
[Result "1-0"]
[WhiteElo "2210"]
[BlackElo "2216"]
[PlyCount "61"]
[EventDate "2017.10.22"]
[EventType "team-tourn"]
[EventRounds "9"]
[EventCountry "GER"]
[SourceTitle "EXT 2022"]
[Source "ChessBase"]
[SourceDate "2021.10.06"]
[SourceVersion "1"]
[SourceVersionDate "2021.10.06"]
[SourceQuality "1"]
[WhiteTeam "Augsburg SK Rochade"]
[BlackTeam "Mering"]
[WhiteTeamCountry "GER"]
[BlackTeamCountry "GER"]

1. d4 Nf6 2. Bg5 d6 3. Bxf6 exf6 4. e3 g6 5. g3 Bg7 6. Bg2 h5 7. h4 Bg4 8. Ne2 c6 9. c4 0-0 10. Nbc3 Qb6 11. 0-0 Qa6 12. b3 Qa5 13. Qd3 Re8 14. b4 Qxb4 15. Rab1 Qa3 16. Rb3 Qa6 17. Rfb1 d5 18. Nxd5 Bxe2 19. Qxe2 cxd5 20. Rxb7 Nc6 21. Bxd5 Nd8 22. Rd7 Rc8 23. Qc2 f5 24. c5 f4 25. c6 fxe3 26. Qxg6 exf2+ 27. Kg2 Rxc6 28. Bxf7+ Kf8 29. Be6 Rexe6 30. Rxd8+ Ke7 31. Re8+ 1-0

[Event "Regionalliga Sued-West 1718"]
[Site "Bayern"]
[Date "2017.12.10"]
[Round "4.1"]
[White "Moufang, Rainer"]
[Black "Krug, Norbert"]
[Result "1-0"]
[WhiteElo "2266"]
[BlackElo "2216"]
[PlyCount "41"]
[EventDate "2017.10.22"]
[EventType "team-tourn"]
[EventRounds "9"]
[EventCountry "GER"]
[SourceTitle "EXT 2022"]
[Source "ChessBase"]
[SourceDate "2021.10.06"]
[SourceVersion "1"]
[SourceVersionDate "2021.10.06"]
[SourceQuality "1"]
[WhiteTeam "Haar"]
[BlackTeam "Mering"]
[WhiteTeamCountry "GER"]
[BlackTeamCountry "GER"]

1. d4 Nf6 2. Bg5 c5 3. Nc3 cxd4 4. Qxd4 Nc6 5. Qh4 e6 6. e4 Bb4 7. Bd3 Ne5 8. Nge2 h6 9. Bd2 Be7 10. Qg3 Nfg4 11. h4 Qb6 12. f3 Bd6 13. fxg4 Nc4 14. Bf4 Bxf4 15. Qxf4 Nxb2 16. Rb1 Nxd3+ 17. cxd3 Qa6 18. 0-0 0-0 19. g5 hxg5 20. hxg5 f5 21. g6 1-0

[Event "Regionalliga Sued-West 1718"]
[Site "Bayern"]
[Date "2017.10.22"]
[Round "1.1"]
[White "Krug, Norbert"]
[Black "Rendle, Thomas E"]
[Result "1/2-1/2"]
[WhiteElo "2216"]
[BlackElo "2329"]
[PlyCount "46"]
[EventDate "2017.10.22"]
[EventType "team-tourn"]
[EventRounds "9"]
[EventCountry "GER"]
[SourceTitle "EXT 2022"]
[Source "ChessBase"]
[SourceDate "2021.10.06"]
[SourceVersion "1"]
[SourceVersionDate "2021.10.06"]
[SourceQuality "1"]
[WhiteTeam "Mering"]
[BlackTeam "Muenchen SC II"]
[WhiteTeamCountry "GER"]
[BlackTeamCountry "GER"]

1. d4 f5 2. Qd3 d5 3. g4 fxg4 4. h3 Nf6 5. hxg4 Bxg4 6. f3 Bh5 7. Nh3 Bg6 8. Qb3 Nc6 9. Nf4 Bf5 10. e3 Qd7 11. Nd3 e6 12. Ne5 Nxe5 13. dxe5 0-0-0 14. exf6 gxf6 15. Nc3 Bd6 16. Nb5 Bg3+ 17. Kd1 c6 18. Nd4 Bg6 19. Bd2 Bc7 20. Bb4 e5 21. Bh3 f5 22. Ne2 b6 23. a4 c5 1/2-1/2

[Event "Regionalliga SW 1415"]
[Site "Bayern"]
[Date "2015.04.12"]
[Round "9.2"]
[White "Krug, Norbert"]
[Black "Dirr, Ulrich"]
[Result "1/2-1/2"]
[WhiteElo "2199"]
[BlackElo "2197"]
[PlyCount "51"]
[EventDate "2014.10.19"]
[EventType "team-tourn"]
[EventRounds "9"]
[EventCountry "GER"]
[SourceTitle "EXT 2018"]
[Source "ChessBase"]
[SourceDate "2017.10.13"]
[SourceVersion "1"]
[SourceVersionDate "2017.10.13"]
[SourceQuality "1"]
[WhiteTeam "Mering"]
[BlackTeam "MSA Zugzwang II"]
[WhiteTeamCountry "GER"]
[BlackTeamCountry "GER"]

1. d4 f5 2. g3 Nf6 3. Bg2 g6 4. Nc3 Bg7 5. Nh3 Nc6 6. d5 Ne5 7. Nf4 c6 8. 0-0 0-0 9. Rb1 cxd5 10. Ncxd5 Nxd5 11. Qxd5+ e6 12. Qd6 Nf7 13. Qa3 d5 14. Rd1 Qc7 15. c3 Rd8 16. Be3 a5 17. Qc5 Qxc5 18. Bxc5 Bf8 19. Nd3 Bxc5 20. Nxc5 b6 21. Na4 Rb8 22. b4 Bd7 23. Nb2 axb4 24. c4 dxc4 25. Nxc4 Bb5 26. Rxd8+ 1/2-1/2

[Event "Regionalliga SW 1415"]
[Site "Bayern"]
[Date "2014.10.19"]
[Round "1.2"]
[White "Lapcevic, Milos"]
[Black "Krug, Norbert"]
[Result "1/2-1/2"]
[WhiteElo "2324"]
[BlackElo "2199"]
[PlyCount "100"]
[EventDate "2014.10.19"]
[EventType "team-tourn"]
[EventRounds "9"]
[EventCountry "GER"]
[SourceTitle "EXT 2018"]
[Source "ChessBase"]
[SourceDate "2017.10.13"]
[SourceVersion "1"]
[SourceVersionDate "2017.10.13"]
[SourceQuality "1"]
[WhiteTeam "Haunstetten"]
[BlackTeam "Mering"]
[WhiteTeamCountry "GER"]
[BlackTeamCountry "GER"]

1. d4 Nf6 2. c4 d6 3. Nc3 Nbd7 4. Nf3 e5 5. Bg5 Be7 6. e3 h6 7. Bh4 0-0 8. Qc2 exd4 9. Nxd4 Nc5 10. Be2 Nd5 11. cxd5 Bxh4 12. b4 Na6 13. a3 Bd7 14. 0-0 Re8 15. Rac1 Qe7 16. Bxa6 bxa6 17. Qd3 Bf6 18. Rfd1 Be5 19. Qxa6 Bg4 20. Rd2 Qh4 21. g3 Qh5 22. Qf1 a6 23. f3 Bd7 24. Qf2 Re7 25. Nd1 Ba4 26. Nc6 Ree8 27. g4 Qg6 28. Nxe5 Rxe5 29. e4 f5 30. exf5 Rxf5 31. Ne3 Rf7 32. Qg2 a5 33. Nf5 axb4 34. axb4 Bd7 35. Ng3 Ra3 36. Rf2 Qg5 37. Rxc7 Qxd5 38. h3 Qe5 39. Kh2 Qf4 40. b5 Bxb5 41. Rxf7 Kxf7 42. Rb2 Bc6 43. Qc2 Rxf3 44. Qf5+ Qxf5 45. Nxf5 Rd3 46. Rb6 Rc3 47. Nd4 Be4 48. Rxd6 Rd3 49. Nb5 Ke7 50. Rxd3 Bxd3 1/2-1/2

[Event "Augsburg Afro op-A 18th"]
[Site "Augsburg"]
[Date "2011.08.05"]
[Round "4"]
[White "Krug, Norbert"]
[Black "Schmitz, Thorsten"]
[Result "1/2-1/2"]
[WhiteElo "2215"]
[BlackElo "2310"]
[PlyCount "35"]
[EventDate "2011.08.04"]
[EventType "swiss"]
[EventRounds "7"]
[EventCountry "GER"]
[SourceTitle "EXT 2015"]
[Source "ChessBase"]
[SourceDate "2014.11.20"]
[SourceVersion "1"]
[SourceVersionDate "2014.11.20"]
[SourceQuality "1"]

1. d4 Nf6 2. Nf3 g6 3. g3 Bg7 4. Bg2 0-0 5. 0-0 d6 6. c4 Bd7 7. Nc3 Qc8 8. Re1 Re8 9. Bd2 a6 10. Rc1 Bg4 11. Be3 Nfd7 12. Ng5 Nf8 13. f3 Bd7 14. Qd2 e5 15. dxe5 dxe5 16. Nge4 f5 17. Nc5 Bc6 18. Bh6 1/2-1/2

[Event "Oberliga Ost-B 0607"]
[Site "Germany"]
[Date "2007.01.07"]
[Round "9.6"]
[White "Krug, Norbert"]
[Black "Schlamp, Robert"]
[Result "0-1"]
[WhiteElo "2242"]
[BlackElo "2321"]
[PlyCount "104"]
[EventDate "2006.10.15"]
[EventType "team-tourn"]
[EventRounds "11"]
[EventCountry "GER"]
[SourceTitle "EXT 2008"]
[Source "ChessBase"]
[SourceDate "2007.11.25"]
[SourceVersion "1"]
[SourceVersionDate "2007.11.25"]
[SourceQuality "1"]
[WhiteTeam "Erfurt SK II"]
[BlackTeam "Oberursel"]
[WhiteTeamCountry "GER"]
[BlackTeamCountry "GER"]

1. d4 Nf6 2. c4 g6 3. Nc3 Bg7 4. e4 d6 5. Nf3 0-0 6. Be2 e5 7. 0-0 Nc6 8. d5 Ne7 9. b4 c6 10. Re1 a5 11. bxa5 Qxa5 12. Bd2 Qc7 13. Bf1 Nd7 14. Be3 Rd8 15. Nd2 f5 16. f3 Nf6 17. dxc6 bxc6 18. Rb1 Rf8 19. Qb3 Kh8 20. Red1 fxe4 21. Ndxe4 Nf5 22. Bb6 Qe7 23. Nxf6 Bxf6 24. Ne4 Nd4 25. Bxd4 exd4 26. c5 dxc5 27. Nxf6 Qxf6 28. Qb6 Be6 29. Qxc5 Bxa2 30. Rb6 Bd5 31. Qxd4 Qxd4+ 32. Rxd4 Ra1 33. Kf2 Rfa8 34. Rd2 R1a2 35. Rxa2 Rxa2+ 36. Ke3 Ra7 37. Ba6 c5 38. Kf4 Kg7 39. Ke5 Bf7 40. Kd6 c4 41. Rc6 Be8 42. Bxc4 Bxc6 43. Kxc6 Ra1 44. f4 Rc1 45. Kd5 Rc2 46. g4 Rxh2 47. g5 Rb2 48. Ke5 Rb4 49. Be6 Kf8 50. f5 Ke7 51. f6+ Kf8 52. Bd5 Rg4 0-1

[Event "Oberliga Ost-B 0607"]
[Site "Germany"]
[Date "2006.10.15"]
[Round "1.6"]
[White "Krug, Norbert"]
[Black "Weise, Martin"]
[Result "1-0"]
[WhiteElo "2242"]
[BlackElo "2169"]
[PlyCount "85"]
[EventDate "2006.10.15"]
[EventType "team-tourn"]
[EventRounds "11"]
[EventCountry "GER"]
[SourceTitle "EXT 2008"]
[Source "ChessBase"]
[SourceDate "2007.11.25"]
[SourceVersion "1"]
[SourceVersionDate "2007.11.25"]
[SourceQuality "1"]
[WhiteTeam "Erfurt SK II"]
[BlackTeam "Hungen Lich"]
[WhiteTeamCountry "GER"]
[BlackTeamCountry "GER"]

1. d4 Nf6 2. Nf3 e6 3. c4 Nc6 4. a3 d5 5. Nc3 Be7 6. Bf4 a6 7. e3 0-0 8. h3 dxc4 9. Bxc4 b5 10. Bd3 Bb7 11. b4 Nxb4 12. axb4 Bxb4 13. Rc1 Bxf3 14. Qxf3 Nd5 15. Qe4 Qh4 16. g3 Qh5 17. g4 Qg6 18. Qxd5 Qxd3 19. Qb3 a5 20. f3 c5 21. Qc2 Qxc2 22. Rxc2 c4 23. Ke2 Bxc3 24. Rxc3 Rfc8 25. Rhc1 Ra6 26. e4 a4 27. Bd2 a3 28. R3c2 h5 29. Ra2 Ra4 30. Rb1 c3 31. Bc1 b4 32. Kd3 Kh7 33. Kc2 hxg4 34. hxg4 Kg6 35. Bf4 Rc6 36. Kb3 Ra7 37. Rd1 Rd7 38. d5 exd5 39. Rxd5 Rxd5 40. exd5 Rf6 41. Bc7 Rxf3 42. Kxb4 Rd3 43. d6 1-0

[Event "Oberliga Ost-B 0506"]
[Site "Germany"]
[Date "2006.04.02"]
[Round "11.6"]
[White "Krug, Norbert"]
[Black "Kettler, Bernhard"]
[Result "1-0"]
[WhiteElo "2227"]
[BlackElo "2283"]
[PlyCount "63"]
[EventDate "2005.11.13"]
[EventType "team-tourn"]
[EventRounds "11"]
[EventCountry "GER"]
[SourceTitle "EXT 2007"]
[Source "ChessBase"]
[SourceDate "2006.11.23"]
[SourceVersion "1"]
[SourceVersionDate "2006.11.23"]
[SourceQuality "1"]
[WhiteTeam "Erfurt II"]
[BlackTeam "Frankfurt BvK"]
[WhiteTeamCountry "GER"]
[BlackTeamCountry "GER"]

1. d4 Nf6 2. c4 g6 3. Nc3 Bg7 4. e4 0-0 5. Nf3 d6 6. Be2 e5 7. 0-0 Na6 8. Re1 c6 9. Bf1 Qe7 10. Rb1 Bg4 11. d5 c5 12. h3 Bd7 13. a3 Rfc8 14. Bd2 Qf8 15. Qc1 Nh5 16. g4 Nf6 17. Nh2 h5 18. Be2 hxg4 19. hxg4 Nh7 20. Kh1 Qe7 21. Rg1 f6 22. Rg2 Kf7 23. f4 Rh8 24. g5 f5 25. Bd3 Kg8 26. Qc2 Rf8 27. Re1 Nc7 28. Ne2 Qd8 29. exf5 gxf5 30. Ng3 e4 31. Be2 Rf7 32. g6 1-0

[Event "Oberliga Ost-B 0405"]
[Site "Germany"]
[Date "2004.11.14"]
[Round "3.7"]
[White "Pichl, Michael"]
[Black "Krug, Norbert"]
[Result "0-1"]
[WhiteElo "1946"]
[BlackElo "2221"]
[PlyCount "76"]
[EventDate "2004.10.10"]
[EventType "team-tourn"]
[EventRounds "11"]
[EventCountry "GER"]
[SourceTitle "EXT 2006"]
[Source "ChessBase"]
[SourceDate "2005.11.24"]
[SourceVersion "1"]
[SourceVersionDate "2005.11.24"]
[SourceQuality "1"]
[WhiteTeam "Erfurt Empor"]
[BlackTeam "Erfurt SK II"]
[WhiteTeamCountry "GER"]
[BlackTeamCountry "GER"]

1. e4 c5 2. Nf3 Nc6 3. Bc4 e6 4. Qe2 Nge7 5. e5 Ng6 6. 0-0 Nh4 7. Re1 d5 8. exd6 Bxd6 9. h3 0-0 10. Nxh4 Qxh4 11. c3 Qf4 12. g3 Qf5 13. Qd3 Ne5 14. Qxf5 exf5 15. Be2 Re8 16. Kf1 f4 17. g4 Bd7 18. f3 Bc6 19. d4 Nxf3 20. Bxf3 Bxf3 21. dxc5 Bg2+ 22. Kxg2 Rxe1 23. Bd2 Rd1 24. cxd6 g5 25. c4 Rc8 26. b3 b5 27. cxb5 Rc2 28. Kf3 Kf8 29. Ke2 Rcxd2+ 30. Nxd2 Rxa1 31. a4 Ke8 32. Kd3 Rd1 33. Kc2 Rh1 34. a5 Ra1 35. b4 Ra4 36. Kd3 Rxb4 37. b6 axb6 38. a6 Ra4 0-1

[Event "Oberliga Ost-B 0304"]
[Site "Germany"]
[Date "2004.04.25"]
[Round "11.6"]
[White "Mueller, Achim"]
[Black "Krug, Norbert"]
[Result "0-1"]
[WhiteElo "2163"]
[BlackElo "2259"]
[PlyCount "52"]
[EventDate "2003.11.02"]
[EventType "team-tourn"]
[EventRounds "11"]
[EventCountry "GER"]
[SourceTitle "EXT 2005"]
[Source "ChessBase"]
[SourceDate "2004.11.15"]
[SourceVersion "1"]
[SourceVersionDate "2004.11.15"]
[SourceQuality "1"]
[WhiteTeam "Schoeneck II"]
[BlackTeam "Erfurt SK II"]
[WhiteTeamCountry "GER"]
[BlackTeamCountry "GER"]

1. e4 c5 2. Nf3 Nc6 3. Bc4 e6 4. d4 cxd4 5. Nxd4 Qa5+ 6. c3 Nf6 7. Nb3 Qc7 8. Bd3 Bd6 9. N1d2 Bxh2 10. Qe2 Bf4 11. Bc2 b6 12. Rh3 Bb7 13. g3 Bh6 14. f4 e5 15. Nf3 0-0-0 16. f5 Bxc1 17. Rxc1 h6 18. c4 Kb8 19. Kf2 Rhe8 20. Rd1 Ba6 21. Bd3 Nb4 22. Nfd2 Nxd3+ 23. Qxd3 d5 24. Qc2 dxe4 25. Rh4 Qd7 26. g4 g5 0-1

[Event "Oberliga Ost-B 0304"]
[Site "Germany"]
[Date "2004.03.28"]
[Round "9.7"]
[White "Mueller Ludwig, Kristin"]
[Black "Krug, Norbert"]
[Result "1-0"]
[WhiteElo "2064"]
[BlackElo "2259"]
[PlyCount "93"]
[EventDate "2003.11.02"]
[EventType "team-tourn"]
[EventRounds "11"]
[EventCountry "GER"]
[SourceTitle "EXT 2005"]
[Source "ChessBase"]
[SourceDate "2004.11.15"]
[SourceVersion "1"]
[SourceVersionDate "2004.11.15"]
[SourceQuality "1"]
[WhiteTeam "Erfurt Medizin"]
[BlackTeam "Erfurt SK II"]
[WhiteTeamCountry "GER"]
[BlackTeamCountry "GER"]

1. e4 c5 2. Nf3 Nc6 3. d4 cxd4 4. Nxd4 e5 5. Nb5 d6 6. N1c3 a6 7. Na3 Be6 8. Nc4 Rc8 9. Ne3 Nd4 10. g3 Nf6 11. Bg2 Be7 12. 0-0 h5 13. Ncd5 h4 14. c3 Nc6 15. Qd3 hxg3 16. hxg3 g6 17. Rd1 Bxd5 18. Nxd5 Nxd5 19. Qxd5 Qd7 20. Be3 Qg4 21. Bb6 Kf8 22. Rd3 Kg7 23. Qb3 Rh7 24. Qd1 Qg5 25. Qf3 f5 26. Rad1 Rf8 27. Bc7 Qh6 28. Bxd6 Kh8 29. Bxe7 Nxe7 30. Rd8 Qh2+ 31. Kf1 Rhf7 32. Rxf8+ Rxf8 33. exf5 Rxf5 34. Qe3 Kg7 35. Rd7 Kf7 36. Rxb7 Qh5 37. Rd7 Ke8 38. Rd2 Qh8 39. Qb6 Qh6 40. Bc6+ Kf8 41. Qd8+ Kf7 42. Be8+ Kf6 43. Rd6+ Kg5 44. Qxe7+ Kg4 45. Qh4+ Qxh4 46. gxh4 e4 47. Bd7 1-0

[Event "Oberliga Ost-B 0304"]
[Site "Germany"]
[Date "2003.11.22"]
[Round "2.7"]
[White "Krug, Norbert"]
[Black "Seipp, Thorsten"]
[Result "1/2-1/2"]
[WhiteElo "2259"]
[BlackElo "2095"]
[PlyCount "122"]
[EventDate "2003.11.02"]
[EventType "team-tourn"]
[EventRounds "11"]
[EventCountry "GER"]
[SourceTitle "EXT 2005"]
[Source "ChessBase"]
[SourceDate "2004.11.15"]
[SourceVersion "1"]
[SourceVersionDate "2004.11.15"]
[SourceQuality "1"]
[WhiteTeam "Erfurt SK II"]
[BlackTeam "Griesheim"]
[WhiteTeamCountry "GER"]
[BlackTeamCountry "GER"]

1. d4 e6 2. Nf3 d5 3. c4 Be7 4. Bf4 Nf6 5. e3 0-0 6. Nc3 Nbd7 7. Nb5 Ne8 8. cxd5 exd5 9. Bd3 Bb4+ 10. Nc3 Ndf6 11. Qb3 Bxc3+ 12. Qxc3 c6 13. Qa3 Ne4 14. h4 N8f6 15. h5 h6 16. Ne5 Nd7 17. f3 Nxe5 18. Bxe5 Ng5 19. 0-0-0 Be6 20. Rdf1 Qd7 21. g4 f6 22. Bf4 Rfc8 23. Bc2 Kh8 24. Rh2 c5 25. dxc5 b6 26. Ba4 b5 27. Bc2 a5 28. Bxg5 fxg5 29. f4 gxf4 30. exf4 Bg8 31. f5 Qe7 32. f6 gxf6 33. Qc3 Rc6 34. Rhf2 Raa6 35. Qd2 Qg7 36. Qd4 Qg5+ 37. Kb1 Qe5 38. Qf4 Qxf4 39. Rxf4 Kg7 40. Bd3 Rxc5 41. a4 Rd6 42. axb5 Bh7 43. Bxh7 Kxh7 44. Rxf6 Rxf6 45. Rxf6 Rxb5 46. Rf5 Kg7 47. Ka2 Rc5 48. Ka3 Rb5 49. b3 Kg8 50. Rf4 Kg7 51. Ka4 Rb6 52. Rf3 Rb4+ 53. Kxa5 Rxg4 54. b4 Rg5 55. b5 d4 56. Rh3 Kf6 57. Kb4 Ke5 58. Kc4 Rg1 59. Rb3 Rc1+ 60. Kd3 Rc8 61. b6 Rb8 1/2-1/2

[Event "BL2-Ost 0203"]
[Site "Germany"]
[Date "2003.03.09"]
[Round "8.5"]
[White "Seuffert, Gabriel"]
[Black "Krug, Norbert"]
[Result "1/2-1/2"]
[WhiteElo "2313"]
[BlackElo "2264"]
[PlyCount "95"]
[EventDate "2002.10.20"]
[EventType "team-tourn"]
[EventRounds "9"]
[EventCountry "GER"]
[SourceTitle "EXT 2004"]
[Source "ChessBase"]
[SourceDate "2003.11.25"]
[SourceVersion "1"]
[SourceVersionDate "2003.11.25"]
[SourceQuality "1"]
[WhiteTeam "Wuerzburg"]
[BlackTeam "Erfurt SK II"]
[WhiteTeamCountry "GER"]
[BlackTeamCountry "GER"]

1. c4 Nf6 2. Nc3 d5 3. cxd5 Nxd5 4. Nf3 e6 5. g3 Be7 6. Bg2 0-0 7. 0-0 Nd7 8. d4 N7f6 9. Qc2 c5 10. Nxd5 Nxd5 11. dxc5 Bd7 12. e4 Nb4 13. Qc4 Qa5 14. a3 Na6 15. b4 Qa4 16. Qc3 Nc7 17. Bb2 Bf6 18. Qd2 Bxb2 19. Qxb2 a5 20. Rfb1 Rfd8 21. Ne5 Bb5 22. Bf3 f6 23. Ng4 Bd3 24. Re1 Qc6 25. h4 Nb5 26. Bg2 e5 27. Ne3 axb4 28. axb4 Rxa1 29. Qxa1 Nd4 30. Nd5 Kf8 31. Qa5 Re8 32. Kh2 Be2 33. Kh1 Bf3 34. Qc7 Qe6 35. Kh2 Bxg2 36. Kxg2 Qg4 37. Re3 Qd1 38. Qd6+ Kf7 39. Qd7+ Kf8 40. Qxb7 Ne2 41. Rxe2 Qxe2 42. Nc7 Re7 43. Qa8+ Kf7 44. Qd5+ Kg6 45. Qc6 Rxc7 46. Qxc7 Qxe4+ 47. Kh2 Qf3 48. Kg1 1/2-1/2

[Event "Oberliga Ost-A 0102"]
[Site "Germany"]
[Date "2002.02.02"]
[Round "6.4"]
[White "Birke, Andreas"]
[Black "Krug, Norbert"]
[Result "1/2-1/2"]
[WhiteElo "2238"]
[BlackElo "2255"]
[PlyCount "120"]
[EventDate "2001.10.07"]
[EventType "team"]
[EventRounds "11"]
[EventCountry "GER"]
[SourceTitle "EXT 2003"]
[Source "ChessBase"]
[SourceDate "2002.11.25"]
[SourceVersion "1"]
[SourceVersionDate "2002.11.25"]
[SourceQuality "1"]
[WhiteTeam "Liebschwitz"]
[BlackTeam "Erfurt II"]
[WhiteTeamCountry "GER"]
[BlackTeamCountry "GER"]

1. e4 c5 2. Nf3 Nc6 3. d4 cxd4 4. Nxd4 e5 5. Ne2 Bc5 6. Ng3 Qb6 7. Qd2 Nf6 8. Bc4 Qb4 9. Qxb4 Bxb4+ 10. c3 Bc5 11. a4 h5 12. b4 Be7 13. f3 g6 14. Be3 Nd8 15. Na3 a6 16. a5 Ne6 17. 0-0-0 d6 18. Bb3 Bd7 19. Nc4 h4 20. Nf1 Rc8 21. Kb2 Rc6 22. Nb6 Kf8 23. Nd2 Nf4 24. Bxf4 exf4 25. Ba4 Rc7 26. Bxd7 Nxd7 27. Nd5 Rc6 28. Nb3 Bg5 29. Nd4 Rc8 30. Ne2 h3 31. g3 fxg3 32. Nxg3 Nf6 33. Nb6 Rc6 34. Rd3 Bh4 35. Rg1 Ke8 36. Kb3 Nd7 37. Nxd7 Kxd7 38. Ne2 Bf6 39. f4 Ke7 40. Rgg3 Rcc8 41. Rxh3 Ke6 42. c4 Rce8 43. Rxh8 Rxh8 44. h3 Rh5 45. f5+ Kd7 46. c5 Be5 47. fxg6 fxg6 48. Kc4 Rh4 49. Kd5 Rh5 50. Kc4 Rh4 51. Kd5 Rh5 52. cxd6 Bxd6+ 53. Kc4 Rh4 54. Nc3 Ke6 55. b5 Be5 56. bxa6 bxa6 57. Kc5 Bc7 58. Nd5 Bxa5 59. Ra3 Bd2 60. Rxa6+ Ke5 1/2-1/2

[Event "Oberliga Ost-A 0102"]
[Site "Germany"]
[Date "2001.11.10"]
[Round "2.5"]
[White "Krug, Norbert"]
[Black "Meier, Wolfgang"]
[Result "1-0"]
[WhiteElo "2255"]
[BlackElo "2102"]
[PlyCount "55"]
[EventDate "2001.10.07"]
[EventType "team"]
[EventRounds "11"]
[EventCountry "GER"]
[SourceTitle "EXT 2003"]
[Source "ChessBase"]
[SourceDate "2002.11.25"]
[SourceVersion "1"]
[SourceVersionDate "2002.11.25"]
[SourceQuality "1"]
[WhiteTeam "Erfurt II"]
[BlackTeam "Dresden BSW"]
[WhiteTeamCountry "GER"]
[BlackTeamCountry "GER"]

1. d4 f5 2. g3 Nf6 3. Bg2 g6 4. Nh3 d6 5. d5 Bg7 6. 0-0 0-0 7. Nf4 c6 8. c4 e5 9. dxe6 Qe7 10. Nc3 g5 11. Nd3 h6 12. f4 g4 13. e4 Bxe6 14. exf5 Bxc4 15. Re1 Qc7 16. Nf2 h5 17. Nce4 Nxe4 18. Nxe4 Na6 19. f6 Bxf6 20. Nxf6+ Rxf6 21. b3 Bf7 22. Bb2 Re6 23. Rxe6 Bxe6 24. f5 Bxf5 25. Qd2 Qf7 26. Rf1 Rf8 27. Qd4 Qg6 28. Be4 1-0